| Tag |
First Indicator |
Second Indicator |
Subfields |
| LEADER |
00000cam a2200000 a 4500 |
| 001 |
in00000081969 |
| 005 |
20151008055439.0 |
| 008 |
810610c19691962maud b 00110 eng d |
| 010 |
|
|
|z 62011990
|
| 020 |
|
|
|a 0262030047
|
| 020 |
|
|
|a 0262530090 (pbk) :
|c $5.95
|
| 035 |
|
|
|a (OCoLC)07493848
|
| 035 |
|
|
|9 AAJ3486AM
|
| 040 |
|
|
|a BUF
|c BUF
|d TXA
|d UtOrBLW
|
| 043 |
|
|
|a n-us---
|
| 049 |
|
|
|a TXAM
|c [1329254], 2 [1504424]
|
| 090 |
|
|
|a HD70.U5
|b C5 1980
|
| 100 |
1 |
|
|a Chandler, Alfred D.
|q (Alfred Dupont),
|d 1918-2007.
|
| 245 |
1 |
0 |
|a Strategy and structure :
|b chapters in the history of the industrial enterprise /
|c Alfred D. Chandler, Jr.
|
| 250 |
|
|
|a 1st MIT paperback ed.
|
| 264 |
|
1 |
|a Cambridge, Mass. :
|b M.I.T. Press,
|c 1969
|
| 264 |
|
3 |
|c 1980 printing
|
| 264 |
|
4 |
|c ©1962
|
| 300 |
|
|
|a xiv, 463 pages :
|b charts ;
|c 21 cm.
|
| 336 |
|
|
|a text
|b txt
|2 rdacontent
|
| 337 |
|
|
|a unmediated
|b n
|2 rdamedia
|
| 338 |
|
|
|a volume
|b nc
|2 rdacarrier
|
| 504 |
|
|
|a Includes bibliographical references and index.
|
| 650 |
|
0 |
|a Industrial management
|z United States.
|
| 650 |
|
0 |
|a Industrial organization
|z United States.
|
| 650 |
|
0 |
|a Corporations
|z United States.
|
| 999 |
|
|
|a MARS
|
| 999 |
f |
f |
|s 3a18a514-7c5e-319c-b2ff-addc8333ccb3
|i 520f20f9-ced0-3947-930c-e2734c203a2e
|t 0
|
| 952 |
f |
f |
|p normal
|a Texas A&M University
|b College Station
|c Sterling C. Evans Library
|d Evans: Library Stacks
|t 0
|e HD70.U5 C5 1980
|h Library of Congress classification
|i unmediated -- volume
|m A14806486683
|
| 998 |
f |
f |
|a HD70.U5 C5 1980
|t 0
|l Evans: Library Stacks
|